Dingbats - Statistics

General Stats
  • This quiz has been taken 324 times
  • The average score is 6 of 16
Answer Stats
Picture Answer % Correct
Bend over backwards
78%
Shotgun wedding
59%
Flying ace
58%
Shooting stars
58%
Bible Belt
57%
Saved by the bell
57%
Split the difference
47%
Through thick and thin
43%
Hidden agenda
42%
Duty calls
37%
Long in the tooth
24%
Home run
20%
A cut above the rest
18%
Tie up in red tape
18%
Club together
12%
Spirit guide
2%
No matching quizzes found
Score Distribution
Percent of People with Each Score
Percentile by Number Answered
Your Score History
You have not taken this quiz